Coldest Countries in the World - Statistics

General Stats
  • This quiz has been taken 55 times
  • The average score is 10 of 15
Answer Stats
Temperature Country/Territory % Correct
-3.8 ºC (25.2 ºF) Russia
100%
2.5 ºC (36.4 ºF) Finland
98%
3.2 ºC (37.8 ºF) Sweden
98%
-4 ºC (24.8 ºF) Canada
96%
1.9 ºC (35.3 ºF) Iceland
96%
2.2 ºC (36 ºF) Norway
96%
6.3 ºC (43.4 ºF) Estonia
85%
1.1 ºC (33.9 ºF) Mongolia
85%
2.7 ºC (36.8 ºF) Kyrgyzstan
58%
3.9 ºC (38.9 ºF) Tajikistan
53%
-18.7 ºC (-1.6 ºF) Greenland
47%
-6.8 ºC (19.8 ºF) Svalbard and Jan Mayen
26%
5.7 ºC (42.3 ºF) St. Pierre and Miquelon
15%
4.1 ºC (39.4 ºF) French Southern and Antarctic Lands
4%
2.5 ºC (36.4 ºF) Heard Island and McDonald Islands
2%
No matching quizzes found
Score Distribution
Percent of People with Each Score
Percentile by Number Answered
Your Score History
You have not taken this quiz